00516nam a2200181 a 4500008004100000020001500041050001600056100002000072245003900092260004400131300002300175350000900198650002200207650003400229650002600263650002400289650002100313120416s1974 ||||||||||||||||| || u a019501801X aHG 3881 Mei aMeier, Gerald M10aProblems of a world monetary order aNew YorkbOxford University Pressc1974 axiii, 305p. : ill. a0.00 aCURRENCY QUESTION 0aFINANCE--DEVELOPING COUNTRIES aINTERNATIONAL FINANCE aBALANCE OF PAYMENTS aDOLLAR, AMERICAN